000 01526nam a2200325 i 4500
003 EG-GICUC
005 20260121101511.0
008 251216s1988 ua ||||f |||| 00| 0 ara d
017 _a885933
020 _a977103443x
040 _a EG-GICUC
_bara
_c EG-GICUC
_d EG-GICUC
_erda
041 _aara
082 0 4 _221
_a343.6
_bر م . ع
092 0 4 _221
099 _aLaw1 10 343.6 ر م . ع 1988
100 0 _aرمسيس بهنام
_eمؤلف.
245 1 0 _aعلم الإجرام :
_bأساليب الكشف عن مصدر الاجرام لدى المجرم - انماط المجرمين - الخبرة فى المسائل الجنائية تشخيصا وعلاجاً (علم طبائع المجرم) - الصلة بين ظاهرة الاجرام والظواهر الاجتماعية الأخرى (علم الاجتماع الجنائى) /
_cرمسيس بهنام.
264 1 _aالاسكندرية :
_bمنشأت المعارف ،
_c1988.
300 _a؛ 462 صفحة
_c24 سم.
_bإيضاحيات، صور، مثيليات ؛
336 _2rda content
_atext
337 _2rda media
_aComputer
338 _2rda carrier
_aOnline Resource
504 _aيحتوي على ارجاعات ببليوجرافية
546 _aالنص أغلبه باللغة العربية بعض النصوص الإنجليزية والفرنسية
650 1 4 _aعلم الإجرام
_2qrmak
651 1 _2qrmak
856 4 0 _uhttps://fll.law.cu.edu.eg/fulltext/bks/B10-07265.pdf
905 _a75
942 _2ddc
_cBK
_e21
_n0
999 _c50900
_d50900